000 00786nam a2200265 a 4500
001 BRL_1336
005 20190320211144.0
008 070114s1961----mx-ao#####---#000-0#spa-#
041 _aspa
044 _amx
050 4 _aF1219.1.C45
_b.D83 1961
100 1 _aBlom, Gertrude Duby
_d1901-1993
_926563
245 1 0 _aChiapas indígena
_ctexto y fotografías de Gertrude Duby.
260 _aMéxico
_bUNAM
_c1961
300 _a49 p.
_bil., fotografías (blanco y negro)
_c28 cm.
500 _aAu1568
500 _aIncluye índice de ilustraciones
500 _aIncluye dedicatoria a Ruth Lechuga
650 1 4 _aIndígenas de México
_zChiapas
_926564
650 1 4 _aTzeltales
_926565
650 1 4 _aLacandones
_923920
650 1 4 _aTzotziles
_910531
902 _aGRL
942 _2lcc
_cB
999 _c10148
_d10148